Caridad y reconciliación (Record no. 290664)
[ view plain ]
| 000 -CABECERA | |
|---|---|
| Campo de control de longitud fija | 00341nam a22001217u 4500 |
| 008 - CÓDIGOS DE INFORMACIÓN DE LONGITUD FIJA | |
| Campo de control de longitud fija | 130405s1973 xxu||||| |||| 00| 0 spa d |
| 041 ## - CÓDIGO DE LENGUA | |
| Código de lengua del texto/banda sonora o título independiente | spa |
| 001 - NÚMERO DE CONTROL | |
| Campo de control | 17261 |
| 245 00 - MENCIÓN DE TÍTULO | |
| Título | Caridad y reconciliación |
| Resto del título | :Aviento, Navidad, Epifania |
| 260 ## - PUBLICACIÓN, DISTRIBUCIÓN, ETC... (PIE DE IMPRENTA) | |
| Lugar de publicación, distribución, etc. | Madrid: |
| Nombre del editor, distribuidor, etc. | Caritas Españolas, |
| Fecha de publicación, distribución, etc. | 1973 |
| 650 04 - PUNTO DE ACCESO ADICIONAL DE MATERIA-TÉRMINO DE MATERIA | |
| Término de materia o nombre geográfico como elemento inicial | Liturgia |
| Subdivisión de materia general | Navidad y adviento |
| 9 (RLIN) | 18909 |
| 942 ## - ENTRADA DE ELEMENTOS AGREGADOS (KOHA) | |
| Koha [por defecto] tipo de item | Libros |
| Suprimido | Perdido | Estropeado | No para préstamo | Localización permanente | Localización actual | Localización en estantería | Fecha adquisición | Préstamos totales | Signatura completa | Número de Registro / Código de Barras | Fecha última consulta | Fecha del precio de reemplazo | Tipo de item de Koha |
|---|---|---|---|---|---|---|---|---|---|---|---|---|---|
| San Esteban | San Esteban | Depósito de libros | 21/05/2013 | 264611 CARI recoGuiones para sesiones de formación y reuniones de grupos | 17261 | 21/05/2013 | 21/05/2013 | Libros |
